Marketing (Record no. 2653)
[ view plain ]
| 005 - DATE AND TIME OF LATEST TRANSACTION | |
|---|---|
| control field | 20250526082734.0 |
| 020 ## - INTERNATIONAL STANDARD BOOK NUMBER | |
| International Standard Book Number | 0-07-366031-0 |
| 082 ## - DEWEY DECIMAL CLASSIFICATION NUMBER | |
| Classification number | 658. 8 ETZ |
| 100 ## - MAIN ENTRY--PERSONAL NAME | |
| Author name | ETZEL, M. J. |
| 245 ## - TITLE STATEMENT | |
| Title | Marketing |
| 250 ## - EDITION STATEMENT | |
| Edition statement | 12th Ed. |
| 260 ## - PUBLICATION, DISTRIBUTION, ETC. | |
| Place of publication, distribution, etc. | Boston, |
| Name of publisher, distributor, etc. | McGraw-Hill, |
| Date of publication, distribution, etc. | 2001. |
| 300 ## - PHYSICAL DESCRIPTION | |
| Extent | xxii, 674p.: ill.; figure, picture, table. |
| Other physical details | Glossary, index, references. |
| Dimensions | 28cm. |
| 700 ## - ADDED ENTRY--PERSONAL NAME | |
| Other authors/Editors | WALKER, B. J. & STANTON, W. J. |
| 856 ## - ELECTRONIC LOCATION AND ACCESS | |
| Link text | Access online book |
| Electronic name | Marketing |
| Path | www.mhhe.com |
| 942 ## - ADDED ENTRY ELEMENTS (KOHA) | |
| Source of classification or shelving scheme | Dewey Decimal Classification |
| Koha item type | Books |
| Date last seen | Total checkouts | Full call number | Barcode | Cost, replacement price | Price effective from | Koha item type | Lost status | Source of classification or shelving scheme | Damaged status | Not for loan | Withdrawn status | Home library | Current library | Shelving location | Date acquired | Cost, normal purchase price |
|---|---|---|---|---|---|---|---|---|---|---|---|---|---|---|---|---|
| 05/26/2025 | 658. 8 ETZ | 0000009859 | 105000.00 | 05/26/2025 | Books | Dewey Decimal Classification | College of Business Education Main Library | College of Business Education Main Library | General Collection | 05/28/2010 | 35000.00 | |||||
| 05/26/2025 | 658. 8 ETZ | 0000009860 | 105000.00 | 05/26/2025 | Books | Dewey Decimal Classification | College of Business Education Main Library | College of Business Education Main Library | General Collection | 05/28/2010 | 35000.00 | |||||
| 05/26/2025 | 658. 8 ETZ | 0000009861 | 105000.00 | 05/26/2025 | Books | Dewey Decimal Classification | College of Business Education Main Library | College of Business Education Main Library | General Collection | 05/28/2010 | 35000.00 | |||||
| 05/26/2025 | 658. 8 ETZ | 0000009862 | 105000.00 | 05/26/2025 | Books | Dewey Decimal Classification | College of Business Education Main Library | College of Business Education Main Library | General Collection | 05/28/2010 | 35000.00 | |||||
| 05/26/2025 | 658. 8 ETZ | 0000009863 | 105000.00 | 05/26/2025 | Books | Dewey Decimal Classification | College of Business Education Main Library | College of Business Education Main Library | General Collection | 05/28/2010 | 35000.00 |
